<?xml version="1.0" encoding="UTF-8"?>
<record
    xmlns:xsi="http://www.w3.org/2001/XMLSchema-instance"
    xsi:schemaLocation="http://www.loc.gov/MARC21/slim http://www.loc.gov/standards/marcxml/schema/MARC21slim.xsd"
    xmlns="http://www.loc.gov/MARC21/slim">

  <leader>00579nam a22001577a 4500</leader>
  <controlfield tag="003">OSt</controlfield>
  <controlfield tag="005">20151028145642.0</controlfield>
  <controlfield tag="008">151028b        xxu||||| |||| 00| 0 eng d</controlfield>
  <datafield tag="040" ind1=" " ind2=" ">
    <subfield code="c">RUA</subfield>
  </datafield>
  <datafield tag="082" ind1=" " ind2=" ">
    <subfield code="a">ATM,Sp VAN 2003 B064 Or.1+</subfield>
  </datafield>
  <datafield tag="100" ind1=" " ind2=" ">
    <subfield code="9">3038</subfield>
    <subfield code="a">VANN, SOPHEAK.</subfield>
  </datafield>
  <datafield tag="245" ind1=" " ind2=" ">
    <subfield code="a">Effective of agricultural extension in prey veng province, &#x1794;&#x17D2;&#x179A;&#x179F;&#x17B7;&#x1791;&#x17D2;&#x1792;&#x1797;&#x17B6;&#x1796;&#x1793;&#x17C3;&#x1780;&#x17B6;&#x179A;&#x1784;&#x17B6;&#x179A;&#x1795;&#x17D2;&#x179F;&#x1796;&#x17D2;&#x179C;&#x1795;&#x17D2;&#x179F;&#x17B6;&#x1799;&#x1780;&#x179F;&#x17B7;&#x1780;&#x1798;&#x17D2;&#x1798;&#x1793;&#x17C5;&#x1781;&#x17C1;&#x178F;&#x17D2;&#x178F;&#x1796;&#x17D2;&#x179A;&#x17C3;&#x179C;&#x17C2;&#x1784;</subfield>
  </datafield>
  <datafield tag="260" ind1=" " ind2=" ">
    <subfield code="a">Phnom Penh</subfield>
    <subfield code="b">RUA</subfield>
    <subfield code="c">2003</subfield>
  </datafield>
  <datafield tag="300" ind1=" " ind2=" ">
    <subfield code="a">80p.</subfield>
    <subfield code="b">ill.</subfield>
    <subfield code="c">29cm.</subfield>
  </datafield>
  <datafield tag="942" ind1=" " ind2=" ">
    <subfield code="2">ddc</subfield>
    <subfield code="c">ATMSP</subfield>
  </datafield>
  <datafield tag="999" ind1=" " ind2=" ">
    <subfield code="c">2832</subfield>
    <subfield code="d">2832</subfield>
  </datafield>
  <datafield tag="952" ind1=" " ind2=" ">
    <subfield code="0">0</subfield>
    <subfield code="1">0</subfield>
    <subfield code="2">ddc</subfield>
    <subfield code="4">0</subfield>
    <subfield code="6">ATM_SP_VAN_2003_000000000000000_B064_OR_1</subfield>
    <subfield code="7">0</subfield>
    <subfield code="9">13771</subfield>
    <subfield code="a">LBB</subfield>
    <subfield code="b">LBB</subfield>
    <subfield code="c">B064</subfield>
    <subfield code="d">2015-10-28</subfield>
    <subfield code="o">ATM,Sp VAN 2003 B064 Or.1</subfield>
    <subfield code="p">RUA001543</subfield>
    <subfield code="r">2015-10-28</subfield>
    <subfield code="w">2015-10-28</subfield>
    <subfield code="y">ATMSP</subfield>
  </datafield>
  <datafield tag="952" ind1=" " ind2=" ">
    <subfield code="0">0</subfield>
    <subfield code="1">0</subfield>
    <subfield code="2">ddc</subfield>
    <subfield code="4">0</subfield>
    <subfield code="6">ATM_SP_VAN_2003_000000000000000_B064_OR_2</subfield>
    <subfield code="7">0</subfield>
    <subfield code="9">13772</subfield>
    <subfield code="a">LBB</subfield>
    <subfield code="b">LBB</subfield>
    <subfield code="c">B064</subfield>
    <subfield code="d">2015-10-28</subfield>
    <subfield code="o">ATM,Sp VAN 2003 B064 Or.2</subfield>
    <subfield code="p">RUA001471</subfield>
    <subfield code="r">2015-10-28</subfield>
    <subfield code="w">2015-10-28</subfield>
    <subfield code="y">ATMSP</subfield>
  </datafield>
  <datafield tag="952" ind1=" " ind2=" ">
    <subfield code="0">0</subfield>
    <subfield code="1">0</subfield>
    <subfield code="2">ddc</subfield>
    <subfield code="4">0</subfield>
    <subfield code="6">ATM_SP_VAN_2003_000000000000000_B064_OR_3</subfield>
    <subfield code="7">0</subfield>
    <subfield code="9">13773</subfield>
    <subfield code="a">LBB</subfield>
    <subfield code="b">LBB</subfield>
    <subfield code="c">B064</subfield>
    <subfield code="d">2015-10-28</subfield>
    <subfield code="o">ATM,Sp VAN 2003 B064 Or.3</subfield>
    <subfield code="p">RUA001538</subfield>
    <subfield code="r">2015-10-28</subfield>
    <subfield code="w">2015-10-28</subfield>
    <subfield code="y">ATMSP</subfield>
  </datafield>
  <datafield tag="952" ind1=" " ind2=" ">
    <subfield code="0">0</subfield>
    <subfield code="1">0</subfield>
    <subfield code="2">ddc</subfield>
    <subfield code="4">0</subfield>
    <subfield code="6">ATM_SP_VAN_2003_000000000000000_B064_OR_4</subfield>
    <subfield code="7">0</subfield>
    <subfield code="9">13774</subfield>
    <subfield code="a">LBB</subfield>
    <subfield code="b">LBB</subfield>
    <subfield code="c">B064</subfield>
    <subfield code="d">2015-10-28</subfield>
    <subfield code="o">ATM,Sp VAN 2003 B064 Or.4</subfield>
    <subfield code="p">RUA001584</subfield>
    <subfield code="r">2015-10-28</subfield>
    <subfield code="w">2015-10-28</subfield>
    <subfield code="y">ATMSP</subfield>
  </datafield>
  <datafield tag="952" ind1=" " ind2=" ">
    <subfield code="0">0</subfield>
    <subfield code="1">0</subfield>
    <subfield code="2">ddc</subfield>
    <subfield code="4">0</subfield>
    <subfield code="6">ATM_SP_VAN_2003_000000000000000_B064_OR_5</subfield>
    <subfield code="7">0</subfield>
    <subfield code="9">13775</subfield>
    <subfield code="a">LBB</subfield>
    <subfield code="b">LBB</subfield>
    <subfield code="c">B064</subfield>
    <subfield code="d">2015-10-28</subfield>
    <subfield code="l">1</subfield>
    <subfield code="o">ATM,Sp VAN 2003 B064 Or.5</subfield>
    <subfield code="p">RUA001512</subfield>
    <subfield code="r">2016-06-16</subfield>
    <subfield code="s">2016-05-17</subfield>
    <subfield code="w">2015-10-28</subfield>
    <subfield code="y">ATMSP</subfield>
  </datafield>
  <datafield tag="952" ind1=" " ind2=" ">
    <subfield code="0">0</subfield>
    <subfield code="1">0</subfield>
    <subfield code="2">ddc</subfield>
    <subfield code="4">0</subfield>
    <subfield code="6">ATM_SP_VAN_2003_000000000000000_B064_OR_6</subfield>
    <subfield code="7">0</subfield>
    <subfield code="9">13776</subfield>
    <subfield code="a">LBB</subfield>
    <subfield code="b">LBB</subfield>
    <subfield code="c">B064</subfield>
    <subfield code="d">2015-10-28</subfield>
    <subfield code="o">ATM,Sp VAN 2003 B064 Or.6</subfield>
    <subfield code="p">RUA001111</subfield>
    <subfield code="r">2015-10-28</subfield>
    <subfield code="w">2015-10-28</subfield>
    <subfield code="y">ATMSP</subfield>
  </datafield>
  <datafield tag="952" ind1=" " ind2=" ">
    <subfield code="0">0</subfield>
    <subfield code="1">0</subfield>
    <subfield code="2">ddc</subfield>
    <subfield code="4">0</subfield>
    <subfield code="6">ATM_SP_VAN_2003_000000000000000_B064_OR_7</subfield>
    <subfield code="7">0</subfield>
    <subfield code="9">13777</subfield>
    <subfield code="a">LBB</subfield>
    <subfield code="b">LBB</subfield>
    <subfield code="c">B064</subfield>
    <subfield code="d">2015-10-28</subfield>
    <subfield code="o">ATM,Sp VAN 2003 B064 Or.7</subfield>
    <subfield code="r">2015-10-28</subfield>
    <subfield code="w">2015-10-28</subfield>
    <subfield code="y">ATMSP</subfield>
  </datafield>
  <datafield tag="952" ind1=" " ind2=" ">
    <subfield code="0">0</subfield>
    <subfield code="1">0</subfield>
    <subfield code="2">ddc</subfield>
    <subfield code="4">0</subfield>
    <subfield code="6">ATM_SP_VAN_2003_000000000000000_B064_OR_8</subfield>
    <subfield code="7">0</subfield>
    <subfield code="9">13778</subfield>
    <subfield code="a">LBB</subfield>
    <subfield code="b">LBB</subfield>
    <subfield code="c">B064</subfield>
    <subfield code="d">2015-10-28</subfield>
    <subfield code="o">ATM,Sp VAN 2003 B064 Or.8</subfield>
    <subfield code="p">RUA001772</subfield>
    <subfield code="r">2015-10-28</subfield>
    <subfield code="w">2015-10-28</subfield>
    <subfield code="y">ATMSP</subfield>
  </datafield>
</record>
